Les Deux font la Somme - Mort Subite - Statistiques

Statistiques générales
  • Ce quiz a été pris 2 112 fois
  • Le résultat moyen est 4 sur 9
Answers on the Grid
Answers color-coded by a green-red scale on the quiz's grid according to % correct below.
1
2
4
2
2
8
2
6
3
7
7
1
2
8
5
1
5
0
5
4
6
4
8
4
3
5
2
3
1
4
 
Statistiques - réponses
Réponse % Correct
4
82%
8
64%
6
40%
8
37%
8
34%
7
33%
6
32%
5
30%
3
26%
Aucun quiz correspondant
Distribution des résultats
% des personnes avec chaque résultat
Percentile par nombre de réponses
Votre historique - résultats
Vous n’avez pas pris ce quiz